| 000 | 01350cam a2200265 4500500 | ||
|---|---|---|---|
| 005 | 20260322005612.0 | ||
| 041 | _afre | ||
| 042 | _adc | ||
| 100 | 1 | 0 |
_aRoucoules, Alain _eauthor |
| 245 | 0 | 0 | _aHôpital François Tosquelles. « Que sont les fous devenus ? » |
| 260 | _c2025. | ||
| 500 | _a32 | ||
| 520 | _aEn marche sur le chemin de Saint-Jacques, l’auteur s’arrête à Saint-Alban et évoque l’hôpital François Tosquelles, ce qui fut inventé en cet endroit et la fin des activités psychiatriques dans ce haut lieu de la psychothérapie institutionnelle, où il ne reste plus que le cimetière des fous. | ||
| 520 | _aOn his way to St Jacques, the author stops off at St Alban and talks about the François Tosquelles hospital, what was invented there, and the end of psychiatric activities in this landmark of institutional psychotherapy, where all that remains is Le cimetière des fous. | ||
| 690 | _aÉluard | ||
| 690 | _ahôpital François Tosquelles | ||
| 690 | _ale cimetière des fous | ||
| 690 | _aSaint Alban | ||
| 690 | _aÉluard | ||
| 690 | _aFrançois Tosquelles hospital | ||
| 690 | _aLe cimetière des fous | ||
| 690 | _aSt Alban | ||
| 786 | 0 | _nEmpan | 140 | 4 | 2025-11-25 | p. 143-145 | 1152-3336 | |
| 856 | 4 | 1 | _uhttps://shs.cairn.info/revue-empan-2025-4-page-143?lang=fr&redirect-ssocas=7080 |
| 999 |
_c1749827 _d1749827 |
||